Central Library OPAC University of Rajshahi

Environment management / (Record no. 60062)

MARC details
000 -LEADER
fixed length control field 00668nam a2200241 a 4500
001 - CONTROL NUMBER
control field 60062
003 - CONTROL NUMBER IDENTIFIER
rucl marc code BD-RjUL
005 - DATE AND TIME OF LATEST TRANSACTION
control field 20211209080812.0
008 - FIXED-LENGTH DATA ELEMENTS--GENERAL INFORMATION
fixed length control field 161228s2000 ii b 001 0 eng
020 ## - INTERNATIONAL STANDARD BOOK NUMBER
International Standard Book Number 8176482145
035 ## - SYSTEM CONTROL NUMBER
System control number (BD-RjUL)60186
040 ## - CATALOGING SOURCE
Original cataloging agency DLC
Transcribing agency DLC
Modifying agency DLC
Language of cataloging eng
041 ## - LANGUAGE CODE
Language code of text/sound track or separate title eng
082 00 - DEWEY DECIMAL CLASSIFICATION NUMBER
Classification number 363.7
Edition number 20
Author mark and year NAE 2000
100 ## - MAIN ENTRY--PERSONAL NAME
Personal name Narayan, B.
9 (RLIN) 176402
245 10 - TITLE STATEMENT
Title Environment management /
Statement of responsibility, etc. B. Narayan
260 ## - PUBLICATION, DISTRIBUTION, ETC. (IMPRINT)
Place of publication, distribution, etc. New Delhi :
Name of publisher, distributor, etc. Ashish Pub. House,
Date of publication, distribution, etc. 2000
300 ## - PHYSICAL DESCRIPTION
Pagination 318 p. ;
Size 21 cm.
504 ## - BIBLIOGRAPHY, ETC. NOTE
Bibliography, etc Includes bibliographical references.
650 #0 - SUBJECT ADDED ENTRY--TOPICAL TERM
Topical term or geographic name as entry element Environmental protection
9 (RLIN) 170273
942 ## - ADDED ENTRY ELEMENTS (KOHA)
Source of classification or shelving scheme Dewey Decimal Classification
Koha item type Books
Holdings
Lost status Source of classification or shelving scheme Damaged status Not for loan Collection code Permanent Location Current Location Shelving location Date acquired Source of acquisition Cost, normal purchase price Total Checkouts Full call number Date last seen Copy number Koha item type
  Dewey Decimal Classification   Not For Loan Non-fiction Central Library, University of Rajshahi Central Library, University of Rajshahi Reading Room 13/12/2005 Paragon Enterprises Dhaka 600.00   363.7 NAE 2000 28/12/2016 C-1 Books